|
|
|
|
| LEADER |
00881nta a2200181 i 4500 |
| 001 |
dipl2600 |
| 005 |
20130314071607.0 |
| 008 |
110503s2004 hu om 0|| hun d |
| 040 |
|
|
|a SZTE Diploma Repozitórium
|b hun
|
| 041 |
|
|
|a hun
|
| 100 |
1 |
|
|a Gfellner Zsolt
|
| 245 |
1 |
0 |
|a Helyi adók nyilvántartásának és feldolgozásának internetes megvalósítása
|h [elektronikus dokumentum] :
|b Építményadó-nyilvántartás - SSADM tanulmány /
|c Zsolt Gfellner
|
| 260 |
|
|
|c 2004
|
| 650 |
|
4 |
|a Informatika
|
| 700 |
1 |
|
|a Bohus Mihály
|e ths
|
| 856 |
4 |
0 |
|u http://diploma.bibl.u-szeged.hu/id/eprint/2600/1/2004_gfellner_zsolt_04_49.pdf
|z Dokumentum-elérés
|
| 856 |
4 |
0 |
|u http://diploma.bibl.u-szeged.hu/id/eprint/2600/2/2004_gfellner_zsolt_04_49_biralati.pdf
|z Dokumentum-elérés
|
| 856 |
4 |
0 |
|u http://diploma.bibl.u-szeged.hu/id/eprint/2600/3/2004_gfellner_zsolt_04_49_melleklet.tgz
|z Dokumentum-elérés
|